000 00246nam a22001217a 4500
008 181023b xxu||||| |||| 00| 0 eng d
041 _aeng
080 _a701
100 _a44
101 _aART
245 _aPicasso
_cRipley,E
942 _2udc
_cBK
999 _c50660
_d50660